Les collines dans la représentation et l`organisation du pouvoir à Rome

保存先:
書誌詳細
第一著者: Souza, Manuel de (著者)
フォーマット: 図書
言語:フランス語
出版事項: Burdeos Ausonius 2017
版:1a. ed
シリーズ:ScriptaAntiqua, 108
主題:
タグ: タグ追加
タグなし, このレコードへの初めてのタグを付けませんか!

MARC

LEADER 00000cam a2200000 a 4500
001 UCC6002
003 CL-VaPUC
008 181116e20170000fr |||||||||||||||||fre|d
020 |a 9782356132017 
082 0 4 |a 937  |b SOU  |2 21 
100 0 |a Souza, Manuel de  |e author  |9 600445 
245 1 4 |a Les collines dans la représentation et l`organisation du pouvoir à Rome 
250 |a 1a. ed 
300 |a 197 p 
942 |c BK 
945 |d 20181116 13:40:00  |a dcastane 
260 |a Burdeos  |b Ausonius  |c 2017 
650 0 |a Historia de Roma   |9 315349 
650 0 |a Poder político  |9 255509 
583 |a last modification  |c 20181116 13:40:00  |k Rodrigo Vera 
490 0 |a ScriptaAntiqua, 108 
999 |c 373083  |d 373081 
952 |0 0  |1 0  |3 erb  |4 0  |6 937_000000000000000_SOU_2017  |7 0  |8 A  |9 491014  |a BIBHIS  |b BIBHIS  |i 5513995  |o 937 SOU 2017  |p 5513995  |r 2025-01-20  |w 2019-11-24  |y BK  |z Catalogado en:20181116  |k HIS